The Israelis : (Record no. 131271)

MARC details
000 -LEADER
fixed length control field 00689nam a22002297a 4500
005 - DATE AND TIME OF LATEST TRANSACTION
control field 20170124110125.0
010 ## - LIBRARY OF CONGRESS CONTROL NUMBER
LC control number 642364
020 ## - INTERNATIONAL STANDARD BOOK NUMBER
Terms of availability 00.00
International Standard Book Number 0297004476
035 ## - SYSTEM CONTROL NUMBER
System control number 642364
037 ## - SOURCE OF ACQUISITION
Source of stock number/acquisition Cen Lib/Ret
040 ## - CATALOGING SOURCE
Original cataloging agency DPL
Language of cataloging EN
082 ## - DEWEY DECIMAL CLASSIFICATION NUMBER
Classification number 956.94
Item number ELO
100 ## - MAIN ENTRY--PERSONAL NAME
Personal name Elon, Amos
9 (RLIN) 31333
245 ## - TITLE STATEMENT
Title The Israelis :
Statement of responsibility, etc by Amos Elon
Remainder of title founders and sons /
260 ## - PUBLICATION, DISTRIBUTION, ETC. (IMPRINT)
Name of publisher, distributor, etc Weidenfeld and Nicolson
Date of publication, distribution, etc 1971
Place of publication, distribution, etc London
270 ## - ADDRESS
Address 5 Winsley Street
300 ## - PHYSICAL DESCRIPTION
Extent 359p.
Dimensions 21cm(Hb)
500 ## - GENERAL NOTE
General note Includes bibliographical references and index<br/>
650 ## - SUBJECT ADDED ENTRY--TOPICAL TERM
Topical term or geographic name as entry element Jewish-Arab relations
9 (RLIN) 31334
650 ## - SUBJECT ADDED ENTRY--TOPICAL TERM
Topical term or geographic name as entry element National characteristics, Israeli
9 (RLIN) 31335
942 ## - ADDED ENTRY ELEMENTS (KOHA)
Source of classification or shelving scheme Dewey Decimal Classification
Koha item type English Books
Classification part 956.94
Call number suffix ELO
Holdings
Withdrawn status Lost status Damaged status Not for loan Home library Current library Date acquired Source of acquisition Cost, normal purchase price Total Checkouts Total Renewals Full call number Barcode Date last seen Date checked out Copy number Cost, replacement price Price effective from Koha item type
        Central Library Central Library 14/07/2015 Cen Lib/Ret 0.00 1 2 956.94 ELO 642364 26/06/2020 12/03/2020 1 0.00 14/07/2015 English Books

© Delhi Public Library
Hit Counter
free hit counter